<?xml version="1.0" encoding="UTF-8"?>
<record
    xmlns:xsi="http://www.w3.org/2001/XMLSchema-instance"
    xsi:schemaLocation="http://www.loc.gov/MARC21/slim http://www.loc.gov/standards/marcxml/schema/MARC21slim.xsd"
    xmlns="http://www.loc.gov/MARC21/slim">

  <leader>02683nam a22004337a 4500</leader>
  <controlfield tag="003">BO-EaUP</controlfield>
  <controlfield tag="005">20260504151105.0</controlfield>
  <controlfield tag="008">260504b2022    ck ad|||ri||| 00| 0 spa d</controlfield>
  <datafield tag="020" ind1=" " ind2=" ">
    <subfield code="a">978-958-503-384-9</subfield>
  </datafield>
  <datafield tag="040" ind1=" " ind2=" ">
    <subfield code="a">BO-EaUP</subfield>
    <subfield code="c">Biblioadmiempresas</subfield>
    <subfield code="e">RDA</subfield>
    <subfield code="b">spa</subfield>
  </datafield>
  <datafield tag="041" ind1=" " ind2=" ">
    <subfield code="a">spa</subfield>
    <subfield code="h">spa</subfield>
  </datafield>
  <datafield tag="043" ind1=" " ind2=" ">
    <subfield code="a">s-ck</subfield>
  </datafield>
  <datafield tag="082" ind1=" " ind2=" ">
    <subfield code="2">21</subfield>
    <subfield code="a">658.5</subfield>
  </datafield>
  <datafield tag="092" ind1=" " ind2=" ">
    <subfield code="a">658.5</subfield>
    <subfield code="S">S5874</subfield>
  </datafield>
  <datafield tag="100" ind1=" " ind2=" ">
    <subfield code="a">Silvera Escudero, Rodolfo Enrique</subfield>
    <subfield code="e">Autor</subfield>
    <subfield code="9">55</subfield>
  </datafield>
  <datafield tag="245" ind1="1" ind2="0">
    <subfield code="a">Ciclos log&#xED;sticos : planeaci&#xF3;n y estrategia en la cadena de suministro /</subfield>
    <subfield code="c">Rodolfo Silvera E.</subfield>
  </datafield>
  <datafield tag="250" ind1=" " ind2=" ">
    <subfield code="a">Primera edici&#xF3;n</subfield>
  </datafield>
  <datafield tag="260" ind1=" " ind2=" ">
    <subfield code="a">Bogot&#xE1; :</subfield>
    <subfield code="b">Ecoe Edicones, </subfield>
    <subfield code="c">2022</subfield>
  </datafield>
  <datafield tag="300" ind1=" " ind2=" ">
    <subfield code="a">xxvi, 184 p&#xE1;ginas ;</subfield>
    <subfield code="b">Ilustraciones, cuadros, gr&#xE1;ficos.-- (Ciencias empresariales. Log&#xED;stica) ;</subfield>
    <subfield code="c">17 x 24 cent&#xED;metros ;</subfield>
    <subfield code="f">R&#xFA;stico</subfield>
  </datafield>
  <datafield tag="336" ind1=" " ind2=" ">
    <subfield code="2">rdacontenido</subfield>
    <subfield code="a">texto</subfield>
    <subfield code="b">txt</subfield>
  </datafield>
  <datafield tag="337" ind1=" " ind2=" ">
    <subfield code="2">rdamedia</subfield>
    <subfield code="a">no mediado</subfield>
    <subfield code="b">n</subfield>
  </datafield>
  <datafield tag="338" ind1=" " ind2=" ">
    <subfield code="a">volumen</subfield>
    <subfield code="b">nc</subfield>
    <subfield code="2">rdacarrier</subfield>
  </datafield>
  <datafield tag="505" ind1="2" ind2=" ">
    <subfield code="a">CAP&#xCD;TULOS 1. Ciclos del abastecimientos de las mercanc&#xED;as.-</subfield>
  </datafield>
  <datafield tag="505" ind1="2" ind2=" ">
    <subfield code="a">CAP&#xCD;TULOS 2. Ciclos del inventario de mercanc&#xED;as.-</subfield>
  </datafield>
  <datafield tag="505" ind1="2" ind2=" ">
    <subfield code="a">CAP&#xCD;TULOS 3. Ciclos de almacenamiento de mercanc&#xED;as.-</subfield>
  </datafield>
  <datafield tag="505" ind1="2" ind2=" ">
    <subfield code="a">CAP&#xCD;TULOS 4. Ciclos de transporte de las mercanc&#xED;as.-</subfield>
  </datafield>
  <datafield tag="505" ind1="2" ind2=" ">
    <subfield code="a">CAP&#xCD;TULOS 5. Ciclos de las exportaciones de las mercanc&#xED;as.- </subfield>
  </datafield>
  <datafield tag="505" ind1="2" ind2=" ">
    <subfield code="a">CAP&#xCD;TULOS 6. Ciclos de la importaciones de mercanc&#xED;as.- </subfield>
  </datafield>
  <datafield tag="505" ind1="2" ind2=" ">
    <subfield code="a">CAP&#xCD;TULOS 7. Estudio de casos de la administraci&#xF3;n de la cadena de suministro general y global.-</subfield>
  </datafield>
  <datafield tag="505" ind1="2" ind2=" ">
    <subfield code="a">CAP&#xCD;TULOS 8. Ejercicios generales aplicados a los procesos log&#xED;sticos estad&#xED;sticos.- </subfield>
  </datafield>
  <datafield tag="520" ind1=" " ind2=" ">
    <subfield code="a">En Ciclos log&#xED;sticos se describen en forma sistem&#xE1;tica todos los ciclos de los procesos de la cadena de suministro, haciendo un aporte importante al conocimiento de innovaci&#xF3;n en los diferentes eslabones como: abastecimiento, almacenamiento, inventarios, transporte y distribuci&#xF3;n de las mercanc&#xED;as. De igual forma, abarca temas importantes de los ciclos de la log&#xED;stica internacional como los procesos de exportaci&#xF3;n e importaci&#xF3;n.</subfield>
  </datafield>
  <datafield tag="521" ind1=" " ind2=" ">
    <subfield code="a">Dirigido a estudiantes de Administraci&#xF3;n de Empresas, Administraci&#xF3;n Log&#xED;stica, Ingenier&#xED;a Industrial, Econom&#xED;a y Administraci&#xF3;n de Negocios Internacionales. Asimismo, a estudiantes tecn&#xF3;logos en Gesti&#xF3;n Log&#xED;stica, coordinadores de procesos log&#xED;sticos, distribuci&#xF3;n f&#xED;sica, comercio internacional, Especializaci&#xF3;n Tecnol&#xF3;gica en Gesti&#xF3;n Econ&#xF3;mica de la Log&#xED;stica Internacional y en Log&#xED;stica Internacional.</subfield>
  </datafield>
  <datafield tag="650" ind1=" " ind2=" ">
    <subfield code="a">LOG&#xCD;STICA EMPRESARIAL</subfield>
    <subfield code="9">1651</subfield>
  </datafield>
  <datafield tag="650" ind1=" " ind2=" ">
    <subfield code="a">OPERACIONES Y PROYECTOS</subfield>
    <subfield code="9">5926</subfield>
  </datafield>
  <datafield tag="653" ind1=" " ind2=" ">
    <subfield code="a">ADMINISTRACI&#xD3;N DE MATERIALES</subfield>
  </datafield>
  <datafield tag="653" ind1=" " ind2=" ">
    <subfield code="a">CADENA DE ABASTECIMIENTOS</subfield>
  </datafield>
  <datafield tag="653" ind1=" " ind2=" ">
    <subfield code="a">GESTI&#xD3;N DE ALMACENES</subfield>
  </datafield>
  <datafield tag="942" ind1=" " ind2=" ">
    <subfield code="2">ddc</subfield>
    <subfield code="c">BK</subfield>
    <subfield code="n">0</subfield>
    <subfield code="e">21</subfield>
  </datafield>
  <datafield tag="999" ind1=" " ind2=" ">
    <subfield code="c">5509</subfield>
    <subfield code="d">5509</subfield>
  </datafield>
  <datafield tag="952" ind1=" " ind2=" ">
    <subfield code="0">0</subfield>
    <subfield code="1">0</subfield>
    <subfield code="2">ddc</subfield>
    <subfield code="4">0</subfield>
    <subfield code="7">0</subfield>
    <subfield code="8">LOE</subfield>
    <subfield code="a">BEAE</subfield>
    <subfield code="b">BEAE</subfield>
    <subfield code="c">AF</subfield>
    <subfield code="d">2026-05-04</subfield>
    <subfield code="e">Compra</subfield>
    <subfield code="i">HBAEOA06-0586</subfield>
    <subfield code="l">0</subfield>
    <subfield code="o">658.5/S5874c1</subfield>
    <subfield code="p">658.5/S5874c1</subfield>
    <subfield code="r">2026-05-04 14:38:00</subfield>
    <subfield code="t">ej.1</subfield>
    <subfield code="y">BK</subfield>
  </datafield>
  <datafield tag="952" ind1=" " ind2=" ">
    <subfield code="0">0</subfield>
    <subfield code="1">0</subfield>
    <subfield code="2">ddc</subfield>
    <subfield code="4">0</subfield>
    <subfield code="7">0</subfield>
    <subfield code="8">LOE</subfield>
    <subfield code="a">BEAE</subfield>
    <subfield code="b">BEAE</subfield>
    <subfield code="c">AF</subfield>
    <subfield code="d">2026-05-04</subfield>
    <subfield code="e">Compra</subfield>
    <subfield code="i">HBAEOA06-0587</subfield>
    <subfield code="l">0</subfield>
    <subfield code="o">658.5/S5874c2</subfield>
    <subfield code="p">658.5/S5874c2</subfield>
    <subfield code="r">2026-05-04 14:38:00</subfield>
    <subfield code="t">ej. 2</subfield>
    <subfield code="y">BK</subfield>
  </datafield>
</record>
